000 00276nam a2200097Ia 4500
008 220204s9999 xx 000 0 und d
082 _a3:5(058)
_bGAN
245 0 _aDirectory of scientific, social and literary awards in India
260 _aNew Delhi
_bSterling
_c1979
942 _cBK
999 _c31727
_d31727